000 00848nam a2200217 i 4500
001 134274
003 ES-MaACL
005 20240424193615.0
007 t|
008 070907s1932 sp |||| | spa d
080 _a791.43:016:341.645(72)
100 1 _aViola, Fernando.
_9115407
245 1 3 _aLa cinematografía y las relaciones hispanoamericanas
_b: conferencia pronunciada en el Ateneo Científico de Madrid, el día 12 de abril de 1932, con unas palabras previas del Dr. Rodolfo Reyes /
_cFernando Viola.
260 _aMadrid :
_b[s.n.],
_c1932 (
_fImp. de los Hijos de M.G. Hernández)
300 _a51 p. ;
_c16 cm.
610 2 4 _aAteneo de Madrid-
_vConferencias-
_y1900-1939
_91907
650 1 4 _aCine-
_zAmérica Latina.
_911013
700 1 _aReyes, Rodolfo,
_d1878-1954
_996574
852 _aES-MaACL
_j2239-F-21
999 _c134274
_d134274